000 00504nam a2200169 a 4500
001 000044016
005 20201002045108.0
008 140513s1999 sp 000 0 spa d
020 _a8433909494
040 _aDO-SdBNP
_bspa
_cBNPHU
100 1 _aGopegui, Belén
_971017
245 1 3 _aLa escala de los mapas /
_cBelén Gopegui.
250 _a7a. ed.
260 _aBarcelona :
_bAnagrama,
_c1999.
300 _a229 p. ;
_c21 cm.
500 _aIncluye datos biográficos del autor en la solapa de la cubierta
999 _c43505
_d43505